British Sports Stars By Surname - The Letter E (Photo Quiz) - Statistics

General Stats
  • This quiz has been taken 88 times
  • The average score is 8 of 16
Answer Stats
Picture Hint Answer % Correct
Born 1986 (Athletics) Jessica Ennis-Hill
93%
Born 1963 (Ski Jumping) Eddie 'The Eagle' Edwards
86%
Born 1993 (Football) Mary Earps
78%
Born 1966 (Boxing) Chris Eubank
77%
Born 1966 (Athletics) Jonathan Edwards
76%
Born 1988 (Football) Jonny Evans
69%
Born 1947 (Rugby Union) Gareth Edwards
57%
(1936-1958) Football Duncan Edwards
47%
Born 1970 (Snooker) Peter Ebdon
45%
Born 1977 (Badminton) Gail Emms
34%
Born 1952 (Cricket John Emburey
31%
1952-2015 (Horse Racing) Pat Eddery
28%
Born 1962 (Athletics) Peter Elliott
28%
1937-2020 (Cricket) John Edrich
23%
Born 1951 (Cricket) Phil Edmonds
20%
1943-2020 (Show Jumping) Liz Edgar
4%
No matching quizzes found
Score Distribution
Percent of People with Each Score
Percentile by Number Answered
Your Score History
You have not taken this quiz